00443nam a2200181Ia 4500008004100000020001800041245002000059245002200079245004800101260001500149260001600164260000900180300001500189300002000204300001000224500000800234999001900242170705s9999 xx 000 0 und d a9780590424028 aHarry Houdini : bmaster of magic / cby Robert Kraske ; cover by Eric Velasquez. aNew York : bScholastic, c1973 a72 pages : billustrations ; c19cm. a710 c337193d337193